<The> international hotel industry sustainable management

Na minha lista:
Detalhes bibliográficos
Autor principal: Lockyer, Timothy L. G.
Formato: Livro
Idioma:inglês
Publicado em: New York The Haworth Hospitality & Tourism Press 2007
Assuntos:
Tags: Adicionar Tag
Sem tags, seja o primeiro a adicionar uma tag!

MARC

LEADER 00000nam$a2200000$$$4500
001 0066126
005 20240306135740.1
020 |a 978-0-7890-3339-0 
041 0 |a eng 
044 |a US 
245 1 0 |a <The> international hotel industry  |b sustainable management  |c Timothy L. G. Lockyer 
264 1 |a New York  |b The Haworth Hospitality & Tourism Press  |c 2007 
300 |a 201 s. 
610 2 0 |a hotely 
610 2 0 |a hotelierstvo 
610 2 0 |a lokalizácia 
610 2 0 |a štúdie prípadové 
610 2 0 |a manažment 
610 2 0 |a riadenie 
610 2 0 |a marketing 
610 2 0 |a segmentácia trhu 
610 2 0 |a zdroje ľudské 
610 2 0 |a ochrana zdravia 
610 2 0 |a outsourcing 
610 2 0 |a nákup 
610 2 0 |a modernizácia 
610 2 0 |a politika sociálna 
100 1 |a Lockyer, Timothy L. G.